[Event "Titled Tue 10th Jun Early"]
[Site "chess.com INT"]
[Date "2025.06.10"]
[Round "10"]
[White "Antoniou, Rafail"]
[Black "Iniyan, Pa"]
[Result "0-1"]
[WhiteTitle "CM"]
[BlackTitle "GM"]
[WhiteElo "2134"]
[BlackElo "2573"]
[WhiteFideId "5904390"]
[BlackFideId "25002767"]
[EventDate "2025.06.10"]

1. e4 c6 2. d3 d5 3. Nd2 g6 4. Ngf3 Bg7 5. g3 e5 6. Bg2 Nd7 7. O-O Ngf6 8. c3
O-O 9. Qc2 Re8 10. Re1 a5 11. a4 Nc5 12. exd5 Nxd5 13. Nc4 Qc7 14. d4 Bf5 15.
Qd1 Nd3 16. Re3 Nxe3 0-1

[Event "Titled Tue 10th Jun Early"]
[Site "chess.com INT"]
[Date "2025.06.10"]
[Round "10"]
[White "Nakonechnyi, Oleksii"]
[Black "Adewumi, Tanitoluwa"]
[Result "0-1"]
[WhiteTitle "CM"]
[BlackTitle "FM"]
[WhiteElo "2222"]
[BlackElo "2362"]
[WhiteFideId "34173714"]
[BlackFideId "30966396"]
[EventDate "2025.06.10"]

1. e4 c5 2. Nf3 d6 3. c3 Nf6 4. Bd3 Nc6 5. Bc2 g6 6. h3 Bg7 7. d4 cxd4 8. cxd4
O-O 9. O-O d5 10. e5 Ne4 11. Nc3 Bf5 12. Re1 Nxc3 13. bxc3 Bxc2 14. Qxc2 Rc8 15.
e6 Nxd4 16. Nxd4 Bxd4 17. Bh6 Bxc3 18. Bxf8 Bxe1 19. exf7+ Kxf8 20. Qe2 Bc3 21.
Rc1 Kxf7 0-1

[Event "Titled Tue 10th Jun Early"]
[Site "chess.com INT"]
[Date "2025.06.10"]
[Round "10"]
[White "Sarveshwaran V"]
[Black "Alothman , Ali Layth Ahmed"]
[Result "0-1"]
[WhiteTitle "CM"]
[BlackTitle "FM"]
[WhiteElo "2290"]
[BlackElo "2179"]
[WhiteFideId "25699016"]
[BlackFideId "4801920"]
[EventDate "2025.06.10"]

1. e4 c6 2. d4 d5 3. e5 Bf5 4. Nf3 e6 5. Be2 Nd7 6. O-O a5 7. a4 Ne7 8. c3 h6 9.
Ne1 Bh7 10. Nd3 Nc8 11. Na3 Be7 12. Nc2 O-O 13. Ne3 Ncb6 14. f4 Be4 15. f5 exf5
16. Nxf5 Bg5 17. Bxg5 Qxg5 18. h4 Qxg2# 0-1

[Event "Titled Tue 10th Jun Early"]
[Site "chess.com INT"]
[Date "2025.06.10"]
[Round "10"]
[White "Iljin, Timofey"]
[Black "Nakhbayeva, Guliskhan"]
[Result "1-0"]
[WhiteTitle "IM"]
[BlackTitle "IM"]
[WhiteElo "2242"]
[BlackElo "2326"]
[WhiteFideId "14110180"]
[BlackFideId "13704788"]
[EventDate "2025.06.10"]

1. e4 e6 2. d4 d5 3. exd5 exd5 4. h3 Nf6 5. Nc3 h6 6. Qf3 c6 7. Bd3 Bd6 8. Nge2
O-O 9. Be3 Re8 10. O-O-O b5 11. Kb1 a5 12. g4 b4 13. Na4 Ne4 14. Bxe4 dxe4 15.
Qg2 Ba6 16. Ng3 Bxg3 17. fxg3 Qd5 18. Nb6 Qb5 19. Nxa8 Nd7 20. Nc7 1-0

[Event "Titled Tue 10th Jun Early"]
[Site "chess.com INT"]
[Date "2025.06.10"]
[Round "10"]
[White "Skiadopoulos, Nikolaos"]
[Black "Golubovskis, Maksims"]
[Result "1/2-1/2"]
[WhiteTitle "CM"]
[BlackTitle "FM"]
[WhiteElo "1882"]
[BlackElo "2228"]
[WhiteFideId "4200772"]
[BlackFideId "11608528"]
[EventDate "2025.06.10"]

1. e4 c5 2. Nf3 d6 3. c3 Nc6 4. d4 cxd4 5. cxd4 g6 6. d5 Nb8 7. Nc3 Bg7 8. Be3
Nf6 9. Be2 Nbd7 10. O-O O-O 11. Qd2 b6 12. Rac1 Bb7 13. Rfd1 Rc8 14. b4 Ng4 15.
Bd4 Nge5 16. Nxe5 Nxe5 17. f4 Nc4 18. Bxc4 Rxc4 19. Bxg7 Kxg7 20. a3 Qc7 21. Nb5
Qc8 22. Nxa7 Qc7 23. Nb5 Qc8 24. Na7 Qc7 25. Nb5 Qc8 26. Na7 1/2-1/2

[Event "Titled Tue 10th Jun Early"]
[Site "chess.com INT"]
[Date "2025.06.10"]
[Round "10"]
[White "Simonovic, Miroslav"]
[Black "Murawski, Jan"]
[Result "0-1"]
[WhiteTitle "CM"]
[BlackTitle "CM"]
[WhiteElo "2092"]
[BlackElo "2164"]
[WhiteFideId "919152"]
[BlackFideId "21009287"]
[EventDate "2025.06.10"]

1. d4 Nf6 2. Bg5 d5 3. Bxf6 exf6 4. e3 c5 5. c4 cxd4 6. Qxd4 dxc4 7. Qxd8+ Kxd8
8. Bxc4 Be6 9. Nd2 Bb4 10. O-O-O Ke7 11. Bxe6 Bxd2+ 12. Rxd2 fxe6 13. Nf3 Rc8+
14. Rc2 Nc6 15. Rd1 e5 16. a3 Na5 17. b4 Nc4 18. a4 a5 19. b5 Nb6 20. Nd2 Rxc2+
21. Kxc2 Nxa4 22. Nc4 Rc8 23. Kb3 Rxc4 24. Kxc4 0-1

[Event "Titled Tue 10th Jun Early"]
[Site "chess.com INT"]
[Date "2025.06.10"]
[Round "10"]
[White "Aradhya, Garg"]
[Black "Atis, Hasan"]
[Result "1-0"]
[WhiteTitle "IM"]
[BlackTitle "CM"]
[WhiteElo "2370"]
[BlackElo "2089"]
[WhiteFideId "25006746"]
[BlackFideId "44598017"]
[EventDate "2025.06.10"]

1. d4 d5 2. c4 e6 3. Nc3 Nf6 4. Nf3 c6 5. e3 Nbd7 6. Qc2 Bd6 7. Bd3 O-O 8. O-O
b6 9. e4 dxc4 10. Bxc4 e5 11. Rd1 Qc7 12. g3 h6 13. dxe5 Nxe5 14. Nxe5 Bxe5 15.
f4 Bd6 16. e5 Bc5+ 17. Kg2 Ng4 18. Ne4 Ne3+ 19. Bxe3 Bxe3 20. Nf6+ gxf6 21. Qg6+
Kh8 22. Qxh6+ Kg8 23. exf6 1-0

[Event "Titled Tue 10th Jun Early"]
[Site "chess.com INT"]
[Date "2025.06.10"]
[Round "10"]
[White "Carlsen, Magnus"]
[Black "Sargsyan, Shant"]
[Result "1-0"]
[WhiteTitle "GM"]
[BlackTitle "GM"]
[WhiteElo "2837"]
[BlackElo "2669"]
[WhiteFideId "1503014"]
[BlackFideId "13306766"]
[EventDate "2025.06.10"]

1. e4 g6 2. d4 Nf6 3. e5 Nh5 4. f4 d6 5. Nc3 Bh6 6. Qf3 Nc6 7. Be3 dxe5 8. dxe5
Be6 9. Rd1 Qc8 10. h3 f5 11. Bb5 O-O 12. Bxc6 bxc6 13. Nge2 Qa6 14. g4 fxg4 15.
hxg4 Nxf4 16. Bxf4 Bxf4 17. Nxf4 g5 18. Qh3 Rxf4 19. Qxh7+ Kf8 20. Qh8+ Bg8 21.
Qh6+ Ke8 22. Qxg5 Qc4 23. Qg6+ Kf8 24. Rd3 Qf7 25. Qh6+ Ke8 26. Qxc6+ 1-0

[Event "Titled Tue 10th Jun Early"]
[Site "chess.com INT"]
[Date "2025.06.10"]
[Round "10"]
[White "Ivanov, Andrey A."]
[Black "Tiitta, Sauli"]
[Result "1-0"]
[WhiteTitle "CM"]
[WhiteElo "2120"]
[BlackElo "2157"]
[WhiteFideId "2514311"]
[BlackFideId "502251"]
[EventDate "2025.06.10"]

1. Nf3 h6 2. d4 d6 3. c4 g5 4. Nc3 Bg7 5. e4 c5 6. d5 g4 7. Ng1 h5 8. Bf4 Nd7 9.
h3 Ne5 10. Bxe5 Bxe5 11. hxg4 Bxg4 12. Be2 Qb6 13. Nb5 Bxe2 14. Qxe2 Nf6 15. Nf3
Bxb2 16. Qxb2 a6 17. Nxd6+ Qxd6 18. e5 Qd8 19. exf6 exf6 20. O-O Kf8 21. Rfe1
Qd6 22. Qxb7 Rd8 23. Qc6 h4 24. Re8+ Kg7 25. Qxd6 Rxd6 26. Rxh8 Kxh8 27. Nxh4
Rb6 28. Rd1 Kg8 29. d6 Kf8 30. d7 Ke7 31. d8=Q+ 1-0

[Event "Titled Tue 10th Jun Early"]
[Site "chess.com INT"]
[Date "2025.06.10"]
[Round "10"]
[White "Jimenez Salas, Maria Teresa"]
[Black "Sitnic, Adnan"]
[Result "1-0"]
[WhiteTitle "WIM"]
[BlackTitle "CM"]
[WhiteElo "2170"]
[BlackElo "2058"]
[WhiteFideId "3843866"]
[BlackFideId "14403854"]
[EventDate "2025.06.10"]

1. e4 Nc6 2. d4 e5 3. Nf3 exd4 4. Nxd4 Bc5 5. Nb3 Bb6 6. Qe2 d6 7. Nc3 Nf6 8.
Be3 O-O 9. O-O-O Re8 10. f3 Be6 11. Kb1 Bxb3 12. axb3 Qe7 13. g4 Nd7 14. h4 Nc5
15. Nd5 Qe6 16. b4 Na4 17. Bxb6 axb6 18. Nxc7 Qe5 19. c3 Nxc3+ 20. bxc3 Qxc3 21.
Qb2 Qxf3 22. Bd3 Ra4 23. Rhf1 Qxg4 24. Rg1 Qxd1+ 25. Rxd1 Rc8 26. Nd5 Ne5 27.
Ne7+ Kf8 28. Nxc8 1-0

[Event "Titled Tue 10th Jun Early"]
[Site "chess.com INT"]
[Date "2025.06.10"]
[Round "10"]
[White "Kalyani Sirin"]
[Black "Chan, Mark"]
[Result "1-0"]
[WhiteTitle "WFM"]
[BlackTitle "FM"]
[WhiteElo "2138"]
[BlackElo "2179"]
[WhiteFideId "33323500"]
[BlackFideId "5800560"]
[EventDate "2025.06.10"]

1. e4 c5 2. Nf3 d6 3. d4 cxd4 4. Qxd4 Nc6 5. Qe3 Nf6 6. Be2 g6 7. O-O Bg7 8. c4
O-O 9. Nc3 Be6 10. Rb1 a5 11. b3 Rc8 12. h3 h6 13. Bb2 Nd7 14. Nd5 Bxb2 15. Rxb2
Kh7 16. Nf4 Nc5 17. Rd1 Qc7 18. Rbd2 a4 19. e5 Nxe5 20. Nxe5 dxe5 21. Nd5 Bxd5
22. Rxd5 axb3 23. axb3 Rfd8 24. Rxe5 Rxd1+ 25. Bxd1 e6 26. Bc2 b6 27. Rh5 Kg7
28. Qxh6+ Kf6 29. Rh4 Ra8 30. Rf4+ Ke7 31. Rxf7+ 1-0

[Event "Titled Tue 10th Jun Early"]
[Site "chess.com INT"]
[Date "2025.06.10"]
[Round "10"]
[White "Li, Hui"]
[Black "Zhou, Yuxu"]
[Result "1/2-1/2"]
[WhiteTitle "CM"]
[BlackTitle "CM"]
[WhiteElo "2041"]
[BlackElo "2113"]
[WhiteFideId "15400310"]
[BlackFideId "8626421"]
[EventDate "2025.06.10"]

1. e4 e6 2. d4 d5 3. Nd2 c5 4. exd5 Qxd5 5. Ngf3 cxd4 6. Bc4 Qd6 7. O-O Nf6 8.
Nb3 Nc6 9. Nbxd4 Nxd4 10. Nxd4 Be7 11. b3 O-O 12. Bb2 a6 13. Qf3 Qc7 14. Rfe1
Bd6 15. Qh3 b5 16. Bd3 h6 17. Nxb5 axb5 18. Bxf6 gxf6 19. Qxh6 f5 20. Qg5+ Kh8
21. Qh6+ Kg8 22. Qg5+ Kh8 23. Qh6+ Kg8 1/2-1/2

[Event "Titled Tue 10th Jun Early"]
[Site "chess.com INT"]
[Date "2025.06.10"]
[Round "10"]
[White "Moinzai, Khushal"]
[Black "Marchesich, Giovanni"]
[Result "1-0"]
[WhiteTitle "FM"]
[BlackTitle "CM"]
[WhiteElo "1894"]
[BlackElo "2189"]
[WhiteFideId "11701200"]
[BlackFideId "2824790"]
[EventDate "2025.06.10"]

1. d4 c5 2. d5 e5 3. c4 d6 4. Nc3 Be7 5. e4 Bg5 6. Nf3 Bxc1 7. Qxc1 Ne7 8. Bd3
O-O 9. O-O h6 10. a3 f5 11. Nd2 fxe4 12. Ndxe4 Nf5 13. b4 b6 14. Rb1 Nd4 15. Qe3
Bf5 16. bxc5 bxc5 17. Nb5 Bxe4 18. Qxe4 Rf6 19. Qh7+ Kf7 20. Nxd4 cxd4 21. c5
Nd7 22. Rb7 dxc5 23. d6 Rxd6 24. Bc4+ Kf6 25. f4 e4 26. f5 Qe8 27. Be6 Ne5 28.
Qxg7# 1-0

[Event "Titled Tue 10th Jun Early"]
[Site "chess.com INT"]
[Date "2025.06.10"]
[Round "10"]
[White "Jasinski, Alexander"]
[Black "Jake Shanty"]
[Result "0-1"]
[BlackTitle "FM"]
[WhiteElo "1989"]
[BlackElo "2252"]
[WhiteFideId "55627994"]
[BlackFideId "33478066"]
[EventDate "2025.06.10"]

1. e4 c5 2. Nf3 d6 3. Bb5+ Bd7 4. Bxd7+ Nxd7 5. O-O Ngf6 6. Qe2 e6 7. b3 Be7 8.
Bb2 O-O 9. c3 Rc8 10. d4 cxd4 11. cxd4 d5 12. e5 Ne4 13. Nbd2 Nxd2 14. Qxd2 Qb6
15. Rfc1 h6 16. g3 Nb8 17. Rxc8 Rxc8 18. Rc1 Rxc1+ 19. Qxc1 Nc6 20. Kg2 Qa6 21.
a4 Qd3 22. Qc3 Qd1 23. Qd2 Qxb3 24. g4 Qxa4 25. Bc1 Bb4 26. Qf4 Be7 27. h4 Qc2
28. Be3 a5 29. g5 hxg5 30. hxg5 a4 31. Nh4 a3 32. g6 Qe4+ 33. Qxe4 dxe4 34.
gxf7+ Kxf7 0-1

[Event "Titled Tue 10th Jun Early"]
[Site "chess.com INT"]
[Date "2025.06.10"]
[Round "10"]
[White "Diao, Matthew Guo"]
[Black "Gulevich, Artem"]
[Result "0-1"]
[WhiteTitle "CM"]
[BlackTitle "FM"]
[WhiteElo "2244"]
[BlackElo "2304"]
[WhiteFideId "30970547"]
[BlackFideId "24119580"]
[EventDate "2025.06.10"]

1. Nf3 Nf6 2. g3 b6 3. Bg2 Bb7 4. b3 e6 5. Bb2 d5 6. O-O Be7 7. c4 O-O 8. d3 c5
9. Nbd2 Nc6 10. Ne5 Nxe5 11. Bxe5 Nd7 12. Bb2 Bf6 13. Bxf6 Nxf6 14. e3 Qc7 15.
Qe2 Rad8 16. cxd5 Nxd5 17. Rac1 Nb4 18. d4 Bxg2 19. Kxg2 Qb7+ 20. Qf3 Qxf3+ 21.
Nxf3 cxd4 22. Nxd4 Rd7 23. a3 Nd5 24. Rfd1 Rfd8 25. Nc6 Nxe3+ 26. fxe3 Rxd1 27.
Rc4 R8d2+ 28. Kh3 Rh1 29. Nxa7 Rhxh2+ 30. Kg4 h5+ 31. Kf4 Rhf2+ 32. Ke4 Rd5 0-1

[Event "Titled Tue 10th Jun Early"]
[Site "chess.com INT"]
[Date "2025.06.10"]
[Round "10"]
[White "Tarnowska, Aleksandra"]
[Black "Pica, Eleni"]
[Result "1-0"]
[WhiteTitle "WCM"]
[BlackTitle "WCM"]
[WhiteElo "1882"]
[BlackElo "1686"]
[WhiteFideId "1180967"]
[BlackFideId "5910005"]
[EventDate "2025.06.10"]

1. e4 c5 2. Nf3 d6 3. Bb5+ Nd7 4. O-O a6 5. Bxd7+ Bxd7 6. d3 Nf6 7. Nc3 g6 8.
Ne2 Bg7 9. Ng3 O-O 10. Be3 Ng4 11. Rb1 Nxe3 12. fxe3 b5 13. d4 Qb6 14. c3 Rfc8
15. Kh1 a5 16. e5 d5 17. Ng5 Rf8 18. Qf3 f6 19. Qxd5+ Kh8 20. Nf7+ Kg8 21. Nh6+
Kh8 22. Qg8+ Rxg8 23. Nf7# 1-0

[Event "Titled Tue 10th Jun Early"]
[Site "chess.com INT"]
[Date "2025.06.10"]
[Round "10"]
[White "Sapocinic, Semion"]
[Black "Labussiere, Victor"]
[Result "0-1"]
[WhiteTitle "FM"]
[BlackTitle "FM"]
[WhiteElo "2296"]
[BlackElo "2312"]
[WhiteFideId "13908693"]
[BlackFideId "2183129"]
[EventDate "2025.06.10"]

1. d4 d5 2. Nf3 c6 3. c4 Nf6 4. e3 Bg4 5. Qb3 Qb6 6. Ne5 Bf5 7. Nc3 e6 8. Bd2
Nbd7 9. Nxd7 Nxd7 10. Be2 Be7 11. O-O O-O 12. c5 Qc7 13. Qd1 Bg6 14. b4 e5 15.
Bc1 a6 16. Bb2 exd4 17. exd4 Nf6 18. Bf3 Rfe8 19. a4 h5 20. h3 Qd7 21. Re1 Bf8
22. Qb3 Rxe1+ 23. Rxe1 Re8 24. b5 Rxe1+ 25. Kh2 axb5 26. axb5 h4 27. b6 Bh5 28.
Bxh5 Nxh5 29. Qc2 Bd6+ 30. cxd6 Qxd6+ 0-1

[Event "Titled Tue 10th Jun Early"]
[Site "chess.com INT"]
[Date "2025.06.10"]
[Round "10"]
[White "Huseynova, Dinara"]
[Black "Lazaro Azcutia, Miguel"]
[Result "1/2-1/2"]
[WhiteTitle "WCM"]
[BlackTitle "CM"]
[WhiteElo "1833"]
[BlackElo "2275"]
[WhiteFideId "13437313"]
[BlackFideId "54538254"]
[EventDate "2025.06.10"]

1. Nf3 Nf6 2. d4 e6 3. e3 b6 4. Bd3 Bb7 5. Nbd2 d5 6. b3 Bd6 7. Bb2 O-O 8. O-O
c5 9. Ne5 Nc6 10. a3 Rc8 11. f4 Ne7 12. g4 Ne4 13. Nxe4 dxe4 14. Bc4 cxd4 15.
Bxd4 Qc7 16. Rf2 Nd5 17. g5 Rfd8 18. Qe2 Bc5 19. c3 Kh8 20. Qh5 Kg8 21. Qe2 Kh8
22. Qh5 Kg8 23. Qe2 1/2-1/2

[Event "Titled Tue 10th Jun Early"]
[Site "chess.com INT"]
[Date "2025.06.10"]
[Round "10"]
[White "Masague Artero, Guerau"]
[Black "Parfenov, Viktor N."]
[Result "1/2-1/2"]
[WhiteTitle "FM"]
[BlackTitle "CM"]
[WhiteElo "2326"]
[BlackElo "2193"]
[WhiteFideId "32098952"]
[BlackFideId "4165969"]
[EventDate "2025.06.10"]

1. e4 e5 2. Nc3 Nf6 3. Bc4 Nxe4 4. Qh5 Nd6 5. Qxe5+ Qe7 6. Qxe7+ Bxe7 7. Bb3 Nf5
8. Nd5 Bd8 9. Ne2 c6 10. Ne3 d5 11. O-O O-O 12. c4 dxc4 13. Bxc4 Bf6 14. h3 Nd4
15. Ng3 g6 16. d3 Be6 17. Ng4 Bg7 18. Bf4 Nd7 19. Rfe1 Rfe8 20. Rac1 Nb6 21. Be5
Bxg4 22. Bxg7 Kxg7 23. hxg4 Nxc4 24. dxc4 c5 25. Kf1 f6 26. Ne4 b6 27. Nd6 Rxe1+
28. Rxe1 Kf8 29. Ne4 Kf7 30. Nd6+ Kf8 31. Ne4 Kf7 32. Nd6+ Kf8 1/2-1/2

[Event "Titled Tue 10th Jun Early"]
[Site "chess.com INT"]
[Date "2025.06.10"]
[Round "10"]
[White "Karttunen, Mika"]
[Black "Schnaider, Ilan"]
[Result "0-1"]
[WhiteTitle "IM"]
[BlackTitle "IM"]
[WhiteElo "2490"]
[BlackElo "2388"]
[WhiteFideId "502081"]
[BlackFideId "169013"]
[EventDate "2025.06.10"]

1. e4 c5 2. Nf3 e6 3. d4 cxd4 4. Nxd4 Bc5 5. Nb3 Bb6 6. c4 Ne7 7. Nc3 O-O 8. Bd3
f5 9. O-O f4 10. c5 Bc7 11. Nb5 Be5 12. Na3 Ng6 13. Nc4 Nc6 14. Be2 b6 15. g3
bxc5 16. Nxe5 Ncxe5 17. Nxc5 f3 18. Ba6 Bxa6 19. Nxa6 Qa5 20. Qd6 Nc4 21. Qxd7
Qxa6 22. b3 Nce5 23. Qd2 Rad8 24. Qg5 Qxf1+ 25. Kxf1 Rd1# 0-1

[Event "Titled Tue 10th Jun Early"]
[Site "chess.com INT"]
[Date "2025.06.10"]
[Round "10"]
[White "Csonka, Balazs"]
[Black "Lau, Lut Yin Luke"]
[Result "1-0"]
[WhiteTitle "IM"]
[BlackTitle "CM"]
[WhiteElo "2467"]
[BlackElo "2243"]
[WhiteFideId "742910"]
[BlackFideId "6002226"]
[EventDate "2025.06.10"]

1. c4 c5 2. Nf3 Nf6 3. Nc3 e6 4. g3 b6 5. Bg2 Bb7 6. O-O d6 7. d4 cxd4 8. Qxd4
Be7 9. Bg5 h6 10. Bxf6 Bxf6 11. Qf4 a6 12. Rad1 Be7 13. Ne5 dxe5 14. Rxd8+ Bxd8
15. Qxe5 Bf6 16. Qc7 Bxg2 17. Qc8+ Bd8 18. Rd1 Ke7 19. Kxg2 1-0

[Event "Titled Tue 10th Jun Early"]
[Site "chess.com INT"]
[Date "2025.06.10"]
[Round "10"]
[White "Martinez Ramirez, Lennis"]
[Black "Pajcin, Lav"]
[Result "1-0"]
[WhiteTitle "IM"]
[BlackTitle "FM"]
[WhiteElo "2442"]
[BlackElo "2281"]
[WhiteFideId "3509079"]
[BlackFideId "966746"]
[EventDate "2025.06.10"]

1. Nf3 d5 2. c4 e6 3. b3 Nf6 4. Bb2 Be7 5. e3 O-O 6. Qc2 c5 7. Ng5 g6 8. h4 h6
9. Nf3 Nc6 10. a3 d4 11. Bd3 Kg7 12. exd4 Nxd4 13. Nxd4 cxd4 14. f4 b6 15. Be4
Rb8 16. Bf3 Bb7 17. O-O Bxf3 18. Rxf3 Rb7 19. d3 Rd7 20. Nd2 Ng4 21. h5 Ne3 22.
Rxe3 Bf6 23. Rh3 g5 24. fxg5 Bxg5 25. Ne4 f5 26. Nxg5 Qxg5 27. Qf2 Kh7 28. Re1
Rg8 29. Rxe6 Rdg7 30. Rg6 Rxg6 31. hxg6+ Rxg6 32. Bxd4 f4 33. Kh2 Qg4 34. Qf3
Qg5 35. Qb7+ Kg8 36. Qc8+ Kf7 37. Qd7+ Kf8 38. Qd5 Qg4 39. Be5 Rg5 40. Bd6+ Ke8
41. Qc6+ Kf7 42. Qb7+ Kg6 43. Qe4+ Kf7 44. Qxf4+ Qxf4+ 45. Bxf4 Rg4 46. Bxh6 1-0

[Event "Titled Tue 10th Jun Early"]
[Site "chess.com INT"]
[Date "2025.06.10"]
[Round "10"]
[White "Mummana Venkata Ruthvik"]
[Black "Fikiet, Alex"]
[Result "1-0"]
[WhiteTitle "CM"]
[WhiteElo "2237"]
[BlackElo "2151"]
[WhiteFideId "25697307"]
[BlackFideId "2052717"]
[EventDate "2025.06.10"]

1. Nf3 d6 2. g3 e5 3. Bg2 f5 4. O-O Nf6 5. d3 Be7 6. c4 O-O 7. Nc3 Qe8 8. e4 Nc6
9. exf5 Bxf5 10. d4 Qh5 11. dxe5 dxe5 12. Nd5 Bd6 13. c5 Bxc5 14. Nxf6+ Rxf6 15.
Qd5+ Be6 16. Qxc5 Rxf3 17. Be3 Raf8 18. b4 a6 19. a4 Bh3 20. Qd5+ Kh8 21. Bxf3
Rxf3 22. b5 Ne7 23. Qxb7 1-0

[Event "Titled Tue 10th Jun Early"]
[Site "chess.com INT"]
[Date "2025.06.10"]
[Round "10"]
[White "Demchenko, Yaroslav"]
[Black "Toktomushev, Teimur"]
[Result "0-1"]
[WhiteTitle "CM"]
[BlackTitle "FM"]
[WhiteElo "2263"]
[BlackElo "2390"]
[WhiteFideId "14186667"]
[BlackFideId "14176726"]
[EventDate "2025.06.10"]

1. e4 c5 2. Nf3 e6 3. d4 cxd4 4. Nxd4 a6 5. Nc3 b5 6. g3 Bb7 7. Bg2 Nf6 8. O-O
b4 9. Na4 Bxe4 10. Bxe4 Nxe4 11. Re1 d5 12. c4 bxc3 13. Nxc3 Be7 14. Nxe4 dxe4
15. Rxe4 O-O 16. Bf4 Bf6 17. Qa4 Qd5 18. Rae1 Nd7 19. Nb3 Bxb2 20. h4 Bc3 21.
R1e2 Nb6 22. Qa3 e5 23. Bxe5 Nc4 24. Rxc4 Qxc4 25. Re3 Bxe5 26. Rxe5 h6 27. Qe7
Qa4 28. Qd6 Qxa2 29. Nc5 Rad8 30. Qb6 Rd1+ 31. Kg2 Qa1 32. Qc6 Qxe5 0-1

[Event "Titled Tue 10th Jun Early"]
[Site "chess.com INT"]
[Date "2025.06.10"]
[Round "10"]
[White "Garcia Correa, Jose Ricardo"]
[Black "Yanev, Tihomir"]
[Result "0-1"]
[WhiteTitle "FM"]
[BlackTitle "IM"]
[WhiteElo "2103"]
[BlackElo "2354"]
[WhiteFideId "5101832"]
[BlackFideId "2910110"]
[EventDate "2025.06.10"]

1. e4 e6 2. d4 b6 3. Nc3 Bb7 4. a3 Nf6 5. f3 d5 6. e5 Nfd7 7. f4 c5 8. Nf3 Nc6
9. Be3 a6 10. Qd2 Qc7 11. Be2 O-O-O 12. O-O f6 13. f5 fxe5 14. fxe6 Nf6 15. dxe5
Nxe5 16. Nxe5 Qxe5 17. Bf4 Qxe6 18. Bf3 Bd6 19. Rfe1 Qf5 20. Bxd6 Rxd6 21. Re7
Rd7 22. Rae1 Rhd8 23. Na4 Kc7 24. b4 Bc6 25. Nxb6 Kxb6 26. bxc5+ Ka7 27. Qa5 Rb8
28. R7e6 Rb5 29. Qa4 Rc7 30. c4 Rxc5 31. cxd5 Bxa4 32. d6 Rd7 0-1

[Event "Titled Tue 10th Jun Early"]
[Site "chess.com INT"]
[Date "2025.06.10"]
[Round "10"]
[White "Sarana, Alexey"]
[Black "Carlsson, Ludvig"]
[Result "1-0"]
[WhiteTitle "GM"]
[BlackTitle "IM"]
[WhiteElo "2686"]
[BlackElo "2379"]
[WhiteFideId "24133795"]
[BlackFideId "1727010"]
[EventDate "2025.06.10"]

1. e4 c5 2. Nf3 d6 3. Nc3 Nc6 4. d4 cxd4 5. Nxd4 g6 6. Be3 Bg7 7. Qd2 Nf6 8. f3
O-O 9. O-O-O d5 10. Nxc6 bxc6 11. Bh6 Rb8 12. Bxg7 Kxg7 13. h4 Qb6 14. b3 dxe4
15. fxe4 Bg4 16. Be2 Bxe2 17. Qxe2 Qa5 18. Kb2 Qe5 19. Qe3 Rfd8 20. h5 Nxh5 21.
Qxa7 Ng3 22. Rxd8 Rxd8 23. Re1 Rd2 24. a4 c5 25. Qa6 Rxg2 26. a5 h5 27. Qd3 h4
28. a6 Nh5 29. a7 Nf4 30. Qd8 Qg5 31. a8=Q Rxc2+ 32. Kxc2 Qg2+ 33. Kb1 Nd3 34.
Qh8# 1-0

[Event "Titled Tue 10th Jun Early"]
[Site "chess.com INT"]
[Date "2025.06.10"]
[Round "10"]
[White "Recuero Guerra, Javier"]
[Black "Golsta, Madara"]
[Result "1-0"]
[WhiteTitle "FM"]
[WhiteElo "2126"]
[BlackElo "2008"]
[WhiteFideId "2254085"]
[BlackFideId "11607386"]
[EventDate "2025.06.10"]

1. e4 c5 2. Nf3 d6 3. d4 cxd4 4. Nxd4 Nf6 5. Nc3 g6 6. f4 Nc6 7. Bb5 Bd7 8. O-O
Bg7 9. Bxc6 bxc6 10. e5 Nd5 11. exd6 O-O 12. Nxd5 cxd5 13. c3 exd6 14. f5 Qh4
15. f6 Bxf6 16. g3 Bxd4+ 17. cxd4 Qh3 18. Bf4 Bf5 19. Bxd6 Be4 20. Rf2 Rfc8 21.
Qf1 Qe6 22. Bc5 h5 23. Rf6 Qe8 24. Qf4 Kg7 25. Rf1 Bf5 26. Rxf5 gxf5 27. Qg5+
Kh8 28. Qxh5+ Kg7 29. Qg5+ Kh8 30. Rf4 Qe1+ 31. Kg2 Qe2+ 32. Kh3 Qg4+ 33. Rxg4
fxg4+ 34. Kh4 Rc6 35. Be7 Rg6 36. Bf6+ Kg8 37. Qe5 Rc8 38. Kh5 Kh7 39. Qf5 Rg8
40. Be5 f6 41. Bxf6 a5 42. a4 1-0

[Event "Titled Tue 10th Jun Early"]
[Site "chess.com INT"]
[Date "2025.06.10"]
[Round "10"]
[White "Srihari, L R"]
[Black "Kozlov, Oleg"]
[Result "1-0"]
[WhiteTitle "IM"]
[BlackTitle "IM"]
[WhiteElo "2480"]
[BlackElo "2253"]
[WhiteFideId "46617116"]
[BlackFideId "4104544"]
[EventDate "2025.06.10"]

1. e4 c5 2. Nf3 e6 3. b3 b6 4. d4 cxd4 5. Nxd4 Bb7 6. Bd3 a6 7. Bb2 Qc7 8. Nd2
Nf6 9. Qe2 d6 10. f4 Nbd7 11. O-O-O Nc5 12. Kb1 Be7 13. e5 dxe5 14. fxe5 Nd5 15.
Nc4 O-O-O 16. Qg4 b5 17. Nd6+ Bxd6 18. exd6 Qxd6 19. Qxg7 Rhg8 20. Qxf7 Rxg2 21.
Bxh7 Rd7 22. Qe8+ Kc7 23. Bd3 Nf4 24. Bxb5 Re7 25. Qh8 Nd5 26. Bf1 Rf2 27. Qh4
Ref7 28. Bc4 1-0